Fuentes reguladas de conmutacion

Αποθηκεύτηκε σε:
Λεπτομέρειες βιβλιογραφικής εγγραφής
Κύριος συγγραφέας: Serrano Rodriguez, Warren
Μορφή: Thesis Βιβλίο
Γλώσσα:Undetermined
Έκδοση: 1985
Θέματα:
Ετικέτες: Προσθήκη ετικέτας
Δεν υπάρχουν, Καταχωρήστε ετικέτα πρώτοι!

MARC

LEADER 00000nam a2200000Ia 4500
001 2834
008 140114s9999 xx 000 0 und d
100 |a Serrano Rodriguez, Warren 
245 |a Fuentes reguladas de conmutacion 
260 |c 1985 
500 |a NULL 
502 |a Escuela de ingenieria Electrica 
650 |z FUENTES DE CONMUTACION 
999 |c 11655  |d 11655